| 000 | 00441nam a2200169 a 4500 | ||
|---|---|---|---|
| 001 | 15042 | ||
| 005 | 20180713203625.0 | ||
| 008 | 140415s1976 mx 000 0 spa d | ||
| 041 | _aspa | ||
| 082 |
_a658.4 _bFER |
||
| 100 | 1 | _aFERNANDEZ ARENA, JOSE ANTONIO | |
| 245 | 1 | 3 | _aLA AUDITORIA ADMINISTRATIVA |
| 250 | _a1a ed. | ||
| 260 |
_aMEXICO : _bED. DIANA, _c1976 |
||
| 300 | _a227 | ||
| 650 | 1 | 4 |
_aADMINISTRACION _xAUDITORIA |
| 999 |
_c15042 _d15042 |
||